[Event "Match"]
[Site "www.echecsemail.com"]
[Date "2015.01.15"]
[Round "1"]
[White "Xkafi"]
[Black "Lautreamont"]
[WhiteElo "2000"]
[BlackElo "2779"]
[Result "0-1"]
[Round "1"]
1.e4 c5
2.Bf1c4 e6
3.b3 a6
4.Bc1b2 b5
5.Bc4f1 Bc8b7
6.Qd1g4 Ng8f6
7.Qg4f4 Bb7xe4
8.Bb2xf6 Qd8xf6
9.Qf4xe4 d5
10.Qe4d3 Qf6xa1
11.c3 Qa1xa2
12.Ng1e2 c4
13.bxc4 bxc4
14.Ne2c1 Qa2b2
15.Qd3f3 Qb2xb1
16.Qf3d1 Nb8d7
17.Bf1e2 Bf8a3
18.O-O a5
19.d3 Qb1xc1
20.Qd1xc1 Ba3xc1
21.Rf1xc1 cxd3
22.Be2xd3 a4
23.Bd3b5 a3
24.Rc1a1 Ke7
{ resign }
0-1

[Event "Match"]
[Site "www.echecsemail.com"]
[Date "2015.01.15"]
[Round "1"]
[White "Castletyme"]
[Black "Anja"]
[WhiteElo "1860"]
[BlackElo "1779"]
[Result "0-1"]
[Round "1"]
1.e4 Ng8f6
2.e5 Nf6d5
3.c4 Nd5b6
4.c5 Nb6d5
5.Bf1c4 e6
6.d4 b6
7.Bc4xd5 exd5
8.b4 a5
9.bxa5 bxc5
10.dxc5 c6
11.Ng1f3 Bc8a6
12.Qd1d4 Qd8xa5
13.Bc1d2 Qa5xc5
14.Qd4xc5 Bf8xc5
15.Nb1c3 O-O
16.Bd2g5 d6
17.exd6 Bc5xd6
18.O-O-O Ba6c4
19.Nf3d4 Bc4xa2
20.Nc3xa2 Ra8xa2
21.Nd4c2 Nb8d7
22.Kd2 c5
23.Rd1a1 Rf8a8
24.Ra1xa2 Ra8xa2
25.h4 f6
26.Bg5e3 d4
27.Rh1a1 dxe3
28.fxe3 Ra2xa1
29.Nc2xa1 Bd6e5
30.Na1c2 c4
31.Nc2a3 c3
32.Kc2 Nd7c5
33.Na3c4 Be5g3
34.Kxc3 Bg3xh4
35.Kd4 Nc5e6
36.Kd5 Ne6g5
37.e4 Bh4g3
38.Nc4e3 Kf7
39.Ne3f5 Bg3e5
40.g4 g6
41.Nf5e3 h5
42.gxh5 gxh5
43.Ne3f5 Ng5f3
44.Nf5d6 Be5xd6
45.Kxd6 h4
{ resign }
0-1

[Event "Match"]
[Site "www.echecsemail.com"]
[Date "2015.01.15"]
[Round "1"]
[White "Oxycontin"]
[Black "Arnpriorite"]
[WhiteElo "2010"]
[BlackElo "2170"]
[Result "0-1"]
[Round "1"]
1.Ng1f3 d5
2.d4 Ng8f6
3.e3 Bc8g4
4.c4 e6
5.Nb1c3 c6
6.cxd5 exd5
7.Bf1d3 Bf8d6
8.e4 dxe4
9.Nc3xe4 Nf6xe4
10.Bd3xe4 Nb8d7
11.O-O Nd7f6
12.Be4c2 O-O
13.Qd1d3 g6
14.Rf1e1 Rf8e8
15.Bc1g5 Bd6e7
16.Re1e2 Nf6d5
17.Bg5xe7 Re8xe7
18.Re2xe7 Qd8xe7
19.Qd3e4 Qe7xe4
20.Bc2xe4 Nd5f6
21.Nf3d2 Ra8e8
22.f3 Bg4e6
23.Ra1d1 Nf6d5
24.a3 f5
25.Be4d3 Re8d8
26.Bd3c4 Kf7
27.Kf2 Nd5c7
28.Bc4xe6 Nc7xe6
29.Nd2b3 b6
30.g3 Ke7
31.h4 Rd8d5
32.Ke2 a5
33.Nb3d2 Ne6xd4
34.Ke3 Ke6
35.Rd1c1 c5
36.Nd2c4 Nd4b3
37.Rc1e1 b5
38.Kf4 Kf6
39.Nc4b6 Rd5d6
40.Nb6c8 Rd6d2
41.Nc8a7 b4
{ resign }
0-1

[Event "Match"]
[Site "www.echecsemail.com"]
[Date "2015.01.15"]
[Round "1"]
[White "Luzhin"]
[Black "Difficult"]
[WhiteElo "2240"]
[BlackElo "1880"]
[Result "1-0"]
[Round "1"]
1.e4 d6
2.d4 Ng8f6
3.Nb1c3 g6
4.f4 Bf8g7
5.Ng1f3 O-O
6.Bf1d3 c6
7.O-O Qd8c7
8.d5 Nb8a6
9.dxc6 bxc6
10.e5 Nf6d7
11.exd6 exd6
12.f5 Nd7e5
13.Nf3xe5 Bg7xe5
14.Qd1f3 Na6c5
15.fxg6 hxg6
16.Bd3xg6 Bc8e6
17.Bg6f5 Be6xf5
18.Qf3xf5 d5
19.Bc1f4 Be5xf4
20.Rf1xf4 Nc5e6
21.Rf4g4 Ne6g7
22.Qf5f6 { resign }
1-0

[Event "Match"]
[Site "www.echecsemail.com"]
[Date "2015.01.15"]
[Round "1"]
[White "Chapi"]
[Black "Blackpool"]
[WhiteElo "2010"]
[BlackElo "1720"]
[Result "1/2-1/2"]
[Round "1"]
1.d4 d5
2.c4 Nb8c6
3.Nb1c3 e6
4.Ng1f3 Ng8f6
5.Bc1g5 Bf8e7
6.cxd5 exd5
7.e3 O-O
8.Bf1b5 Be7b4
9.O-O Bb4xc3
10.bxc3 Qd8d6
11.Qd1b3 Nc6e7
12.c4 c6
13.c5 Qd6e6
14.Bb5d3 Ne7g6
15.Nf3d2 h6
16.Bg5xf6 Qe6xf6
17.e4 dxe4
18.Nd2xe4 Qf6e6
19.Rf1e1 Qe6xb3
20.axb3 Bc8f5
21.Ne4f6 gxf6
22.Bd3xf5 Rf8e8
23.Re1e3 a6
24.Ra1e1 Re8xe3
25.Re1xe3 Kf8
26.g3 Ra8d8
27.Re3d3 Ng6e7
28.Bf5h3 Ne7d5
29.Bh3g2 Nd5b4
30.Rd3d2 Kg7
31.Bg2e4 Rd8e8
32.f3 Nb4d5
33.Be4xd5 cxd5
34.Rd2b2 f5
35.b4 Re8e3
36.Kf2 Re3e7
37.b5 axb5
38.Rb2xb5 h5
39.Rb5a5 Re7c7
40.Ke3 Rc7e7
41.Kf4 Kg6
42.Ra5a7 Kf6
43.Ra7a8 Re7e2
44.h4 Re2d2
{ draw }
1/2-1/2

[Event "Match"]
[Site "www.echecsemail.com"]
[Date "2015.01.15"]
[Round "1"]
[White "Joseph1983"]
[Black "Cardiff"]
[WhiteElo "2150"]
[BlackElo "2010"]
[Result "1-0"]
[Round "1"]
1.e4 e6
2.d4 d5
3.e5 c5
4.c3 Nb8c6
5.Ng1f3 Qd8b6
6.a3 c4
7.Nb1d2 Bc8d7
8.b3 cxb3
9.Qd1xb3 Qb6xb3
10.Nd2xb3 f6
11.c4 fxe5
12.dxe5 Ng8e7
13.Bc1b2 dxc4
14.Bf1xc4 Ne7d5
15.Ra1d1 Nd5c7
16.O-O O-O-O
17.Nf3g5 Nc6xe5
18.Bb2xe5 { resign }
1-0

[Event "Match"]
[Site "www.echecsemail.com"]
[Date "2015.01.15"]
[Round "1"]
[White "Gilliere"]
[Black "Razorboy"]
[WhiteElo "1840"]
[BlackElo "1740"]
[Result "1-0"]
[Round "1"]
1.d4 Nb8c6
2.c4 e5
3.d5 Nc6a5
4.e4 b6
5.Ng1f3 Ng8f6
6.Nb1c3 Bf8b4
7.Bc1d2 Bb4xc3
8.Bd2xc3 d6
9.Bc3xa5 bxa5
10.Qd1c2 Bc8g4
11.Bf1e2 Bg4xf3
12.Be2xf3 c5
13.dxc6 Ra8c8
14.Qc2a4 Qd8c7
15.b3 O-O
16.O-O Qc7xc6
17.Qa4xa5 Rc8c7
18.Qa5e1 Rf8e8
19.h3 Nf6d7
20.Qe1c3 Re8b8
21.Rf1d1 h6
22.Qc3e3 f6
23.Bf3g4 Nd7f8
24.Rd1d5 g5
25.Ra1d1 Rb8d8
26.Qe3f3 Nf8h7
27.Bg4e6 Kf8
28.Be6f5 Kg7
29.Bf5xh7 Kxh7
30.Qf3xf6 a5
31.Rd5xd6 Rd8xd6
32.Qf6xd6 Qc6xd6
33.Rd1xd6 Kg7
34.Rd6d5 Kf6
35.Rd5xa5 h5
36.Ra5a6 Kg7
37.Ra6e6 Rc7d7
38.Re6xe5 Kf6
39.Re5d5 Rd7a7
40.a4 Ra7b7
41.Rd5b5 Rb7d7
42.e5 Ke6
43.a5 Kf5
44.e6 Kxe6
45.Rb5xg5 h4
46.Rg5g4 Kf5
47.Rg4xh4 Kg5
48.Rh4g4 Kf5
49.b4 Ke5
50.b5 Kd6
51.a6 Kc7
52.h4 Kb6
53.g3 Kc5
54.Kg2 Kb4
55.Rg4e4 Kc3
56.f4 Kd3
57.Kf3 Rd7f7
58.b6 Rf7f5
59.b7 { resign }
1-0

[Event "Match"]
[Site "www.echecsemail.com"]
[Date "2015.01.15"]
[Round "1"]
[White "Generalfree"]
[Black "Attatroll"]
[WhiteElo "1830"]
[BlackElo "2000"]
[Result "1/2-1/2"]
[Round "1"]
1.e4 e5
2.Ng1f3 Nb8c6
3.Bf1b5 a5
4.Bb5xc6 dxc6
5.Nf3xe5 Bf8c5
6.Qd1h5 Qd8e7
7.f4 g6
8.Qh5f3 Ng8f6
9.h3 Nf6xe4
10.Qf3xe4 f6
11.d4 Bc5b6
12.Nb1c3 fxe5
13.dxe5 Qe7h4
14.Kd1 Bc8f5
15.Qe4e1 O-O-O
16.Bc1d2 Qh4xf4
17.Rh1f1 Qf4g5
18.g4 Bf5e6
19.Nc3e4 Qg5e3
20.Rf1f6 Qe3xe1
21.Kxe1 Be6d5
22.Ne4c3 Rh8f8
23.Rf6xf8 Rd8xf8
24.Nc3xd5 { draw }
1/2-1/2

[Event "Match"]
[Site "www.echecsemail.com"]
[Date "2015.01.15"]
[Round "1"]
[White "Billyg"]
[Black "Georgepapi"]
[WhiteElo "1540"]
[BlackElo "1730"]
[Result "0-1"]
[Round "1"]
1.e4 e5
2.Ng1f3 Nb8c6
3.Bf1b5 a6
4.Bb5xc6 dxc6
5.Nf3xe5 Qd8d4
6.Ne5xf7 Qd4xe4
7.Qd1e2 Qe4xe2
8.Kxe2 Kxf7
9.Rh1e1 Bc8f5
10.d3 Ng8f6
11.Kf1 Bf8e7
12.Bc1g5 Rh8e8
13.Nb1d2 h6
14.Bg5xf6 Be7xf6
15.Re1xe8 Ra8xe8
16.h3 Bf6xb2
17.Ra1b1 Bb2c3
18.Nd2f3 b5
19.g4 Bf5g6
20.Rb1b3 b4
21.a3 c5
22.d4 Bg6xc2
23.Rb3xc3 bxc3
24.h4 Bc2e4
25.Nf3e5 Re8xe5
26.dxe5 c2
{ resign }
0-1

[Event "Match"]
[Site "www.echecsemail.com"]
[Date "2015.01.15"]
[Round "1"]
[White "Juodivarnai"]
[Black "Irene"]
[WhiteElo "2090"]
[BlackElo "1970"]
[Result "1/2-1/2"]
[Round "1"]
1.e4 c5
2.Ng1f3 Nb8c6
3.Bf1b5 a6
4.Bb5xc6 dxc6
5.O-O Ng8f6
6.Rf1e1 b5
7.c3 Qd8d3
8.Nf3e5 Qd3d6
9.d4 cxd4
10.Qd1xd4 Bc8b7
11.Bc1e3 Qd6xd4
12.Be3xd4 e6
13.Nb1d2 c5
14.Bd4e3 Nf6xe4
15.Nd2xe4 Bb7xe4
16.Be3xc5 Bf8xc5
17.Re1xe4 Ra8d8
18.Ra1e1 Rd8d2
19.Re4e2 Rd2d5
20.Kf1 O-O
21.f4 g6
22.Ne5f3 h6
23.h3 Bc5d6
24.g3 Rf8d8
25.Nf3e5 Bd6xe5
26.Re2xe5 Rd5d2
27.Re5e2 Rd8d3
28.Kf2 Kf8
29.Re2xd2 Rd3xd2
30.Re1e2 Rd2d5
{ draw }
1/2-1/2

[Event "Match"]
[Site "www.echecsemail.com"]
[Date "2015.01.15"]
[Round "1"]
[White "Drdoom"]
[Black "Generalfree"]
[WhiteElo "1740"]
[BlackElo "1840"]
[Result "0-1"]
[Round "1"]
1.e4 e5
2.c4 Bf8c5
3.Ng1f3 Nb8c6
4.a3 Ng8f6
5.Nb1c3 Nf6g4
6.d3 Ng4xf2
7.Qd1e2 Nf2xh1
8.Bc1d2 Bc5f2
9.Kd1 Nc6d4
10.Nf3xd4 exd4
11.Nc3d5 a5
12.Nd5f4 d6
{ resign }
0-1

[Event "Eq:Equipo Juan Diaz-Team USA : "]
[Site "www.chess-mail.com"]
[Date "2015.01.15"]
[Round "1"]
[White "Hijodeputa"]
[Black "Olddog55"]
[WhiteElo "1810"]
[BlackElo "1740"]
[Result "1-0"]
[Round "1"]
1.d4 d5
2.c4 Ng8f6
3.cxd5 Nf6xd5
4.e4 Nd5b6
5.Nb1c3 g6
6.Ng1f3 Bf8g7
7.Bc1e3 O-O
8.Bf1e2 Nb8c6
9.O-O e6
10.Qd1d2 f5
11.Be3g5 Qd8d7
12.e5 Nc6b4
13.Be2c4 Qd7c6
14.Bc4b3 a5
15.a3 Nb4d5
16.Nc3xd5 exd5
17.Ra1c1 Qc6d7
18.Bg5h6 f4
19.Bh6xg7 Qd7xg7
20.Rc1c5 g5
21.Rc5xa5 Ra8a6
22.Ra5xa6 bxa6
23.h3 g4
24.hxg4 Bc8xg4
25.Nf3h2 f3
26.g3 Bg4h3
27.Rf1c1 h5
28.Qd2c3 Bh3g4
29.Qc3xc7 Rf8c8
30.Qc7xg7 Kxg7
31.Rc1xc8 Nb6xc8
32.Bb3xd5 Nc8e7
33.Bd5xf3 { resign }
1-0

[Event "Eq:BEAC Hungary-Team USA : "]
[Site "www.chess-mail.com"]
[Date "2015.01.15"]
[Round "1"]
[White "Uji40"]
[Black "Cardiff"]
[WhiteElo "1740"]
[BlackElo "2070"]
[Result "1/2-1/2"]
[Round "1"]
1.e4 d6
2.d4 Ng8f6
3.Nb1c3 g6
4.e5 dxe5
5.dxe5 Qd8xd1
6.Nc3xd1 Nf6d5
7.Ng1f3 Bf8g7
8.c4 Nd5b4
9.Kd2 Bc8g4
10.Bf1e2 Bg4xf3
11.Be2xf3 Nb4c6
12.Bf3xc6 Nb8xc6
13.e6 O-O-O
14.Kc2 fxe6
15.Rh1e1 e5
16.Kb1 Rh8f8
17.f3 Nc6d4
18.Nd1e3 c6
19.Ne3c2 Nd4xc2
20.Kxc2 h6
21.f4 exf4
22.Re1xe7 Rd8d7
23.Re7xd7 Kxd7
24.Bc1d2 g5
25.Ra1d1 Kc7
26.Rd1e1 Kd7
27.Re1d1 Kc7
28.Rd1e1 Kd7
29.Re1d1 Kc7
30.Rd1e1 Kd7
31.Re1d1 { draw }
1/2-1/2

[Event "Fast Game"]
[Site "www.echecsemail.com"]
[Date "2015.01.15"]
[Round "1"]
[White "Attatroll"]
[Black "Fkarpov"]
[WhiteElo "1820"]
[BlackElo "1840"]
[Result "0-1"]
[Round "1"]
1.d4 Ng8f6
2.c4 e6
3.Nb1c3 Bf8b4
4.f3 c5
5.a3 Bb4xc3
6.bxc3 Qd8a5
7.Bc1d2 O-O
8.e4 Nb8c6
9.Ng1e2 d6
10.Qd1c2 Qa5d8
11.Bd2g5 e5
12.d5 Nc6a5
13.Ne2g3 h6
14.Bg5e3 b6
15.Bf1e2 Na5b7
16.O-O Qd8e8
17.f4 exf4
18.Be3xf4 Qe8e7
19.Ra1e1 Rf8e8
20.Be2f3 Qe7c7
21.Ng3f5 Bc8xf5
22.exf5 Re8xe1
23.Rf1xe1 Ra8e8
24.Re1xe8 Nf6xe8
25.Qc2e4 Ne8f6
26.Qe4e3 Nb7a5
27.Bf3e2 Qc7b8
28.Qe3e7 Na5b7
29.Bf4xh6 gxh6
30.Qe7xf6 Qb8f8
31.Be2h5 Nb7a5
32.Qf6h4 Qf8g7
33.f6 Qg7g5
34.Qh4xg5 hxg5
35.Bh5e2 Kh7
36.Kf2 Kg6
37.Kg3 Kxf6
38.Kg4 Na5b7
39.h4 gxh4
40.Kxh4 Nb7d8
41.g4 Kg7
42.Kg5 f6
43.Kf5 Kf7
44.Be2d1 Kg7
45.Bd1a4 Kf7
46.Ba4d7 Nd8b7
47.Bd7e6 Ke7
48.Be6c8 Nb7a5
49.Bc8a6 Na5b3
50.Ba6b5 Nb3d2
51.a4 Nd2b1
52.Ke4 Nb1xc3
53.Kd3 Nc3a2
54.Ke4 Kf7
55.Kf5 Na2c3
56.Bb5c6 Nc3d1
57.Bc6b5 Nd1f2
58.Bb5c6 a6
59.Bc6b7 b5
60.cxb5 axb5
61.axb5 c4
62.Bb7c8 c3
63.b6 c2
64.b7 c1Q
65.Bc8e6 Ke7
66.Kg6 Qc1b2
67.Be6c8 Nf2xg4
{ resign }
0-1

[Event "Tourn. n7892"]
[Site "www.chess-mail.com"]
[Date "2015.01.15"]
[Round "1"]
[White "Generalfree"]
[Black "Currivan"]
[WhiteElo "1830"]
[BlackElo "1730"]
[Result "1-0"]
[Round "1"]
1.e4 e5
2.Ng1f3 d6
3.c3 Ng8f6
4.d3 Bf8e7
5.h3 O-O
6.Bf1e2 h6
7.g4 Nf6h7
8.Bc1e3 b6
9.Nb1d2 Nh7g5
10.h4 Ng5xf3
11.Nd2xf3 Bc8xg4
12.Qd1d2 Bg4xf3
13.Be2xf3 Be7xh4
14.d4 Qd8f6
15.Qd2e2 Nb8c6
16.d5 Nc6e7
17.O-O-O Bh4g5
18.Kb1 c6
19.dxc6 Ne7xc6
20.Be3xg5 Qf6xg5
21.Rd1g1 Qg5f6
22.Rg1g3 Ra8d8
23.Qe2e3 g5
24.Rg3h3 Qf6f4
25.Qe3e2 g4
26.Bf3xg4 Qf4g5
27.Rh3xh6 f6
28.Rh6h8 Kg7
29.Rh1h7 Kg6
30.Bg4f5 { resign }
1-0

[Event "Match"]
[Site "www.echecsemail.com"]
[Date "2015.01.15"]
[Round "1"]
[White "Sbartlett"]
[Black "Catalani"]
[WhiteElo "1399"]
[BlackElo "1599"]
[Result "1-0"]
[Round "1"]
1.e4 e5
2.Ng1f3 Bf8c5
3.Bf1c4 d6
4.d3 Bc8g4
5.Nb1d2 Ng8e7
6.Bc4xf7 Kf8
7.h3 Bg4d7
8.Bf7c4 Ne7g6
9.Nd2b3 h6
10.d4 exd4
11.Nf3xd4 Qd8f6
12.Nb3xc5 dxc5
13.Nd4b3 Qf6e7
14.Qd1f3 Ke8
15.O-O Ng6e5
16.Qf3c3 Ne5xc4
17.Qc3xc4 b6
18.Bc1f4 Kd8
19.Ra1d1 Kc8
20.e5 Kb7
21.Rf1e1 Bd7c6
22.a4 Qe7e8
23.a5 Qe8g6
24.Bf4g3 h5
25.h4 Nb8a6
26.e6 Na6b4
27.Nb3xc5 bxc5
28.Qc4xc5 Nb4a6
29.Qc5c4 Ra8e8
30.b4 Na6xb4
31.Qc4xb4 Kc8
32.Qb4c4 Bc6b7
33.Qc4xc7 
1-0

[Event "Tourn. n7878"]
[Site "www.chess-mail.com"]
[Date "2015.01.15"]
[Round "1"]
[White "Cardiff"]
[Black "Anja"]
[WhiteElo "1990"]
[BlackElo "1870"]
[Result "1/2-1/2"]
[Round "1"]
1.c4 e5
2.Nb1c3 Nb8c6
3.g3 g6
4.Bf1g2 Bf8g7
5.d3 d6
6.Ng1f3 f5
7.O-O Ng8f6
8.Bc1g5 h6
9.Bg5xf6 Qd8xf6
10.Nc3d5 Qf6f7
11.Ra1c1 Bc8e6
12.Nf3d2 O-O
13.a3 Ra8b8
14.b4 Nc6e7
15.Nd5xe7 Qf7xe7
16.Nd2b3 c6
17.Qd1c2 f4
18.Qc2d2 Qe7g5
19.Rf1d1 fxg3
20.hxg3 Qg5f6
21.Rd1f1 Kh7
22.f4 exf4
23.Rf1xf4 Qf6g5
24.Rf4xf8 Qg5xd2
25.Nb3xd2 Rb8xf8
26.Nd2e4 Bg7b2
27.Rc1c2 Bb2xa3
28.Ne4xd6 b6
29.Bg2xc6 Ba3xb4
30.Nd6e4 Be6f5
31.Bc6d5 Bf5xe4
32.Bd5xe4 Bb4c5
33.Kg2 Rf8f2
34.Kh3 Kg7
35.Be4f3 Rf2f1
36.Kg2 Rf1a1
37.Bf3e4 a5
38.Be4d5 { draw }
1/2-1/2

[Event "Tourn. n7863"]
[Site "www.chess-mail.com"]
[Date "2015.01.15"]
[Round "1"]
[White "Anja"]
[Black "Falcoale"]
[WhiteElo "1820"]
[BlackElo "2050"]
[Result "1-0"]
[Round "1"]
1.e4 c5
2.Nb1c3 Nb8c6
3.g3 e6
4.Bf1g2 Ra8b8
5.d3 b6
6.Bc1f4 Bc8b7
7.Bf4xb8 Qd8xb8
8.f4 a6
9.Qd1e2 Nc6d4
10.Qe2f2 Ng8f6
11.Ng1f3 Nf6g4
12.Qf2d2 d5
13.h3 Ng4f6
14.e5 Nd4xf3
15.Bg2xf3 d4
16.Nc3e4 Nf6xe4
17.dxe4 Qb8a8
18.Qd2d3 Bb7c6
19.O-O b5
20.b3 Bf8e7
21.f5 O-O
22.g4 exf5
23.exf5 Be7g5
24.Bf3xc6 Qa8xc6
25.Qd3f3 Bg5e3
26.Kh2 Qc6xf3
27.Rf1xf3 Rf8c8
28.Ra1e1 Rc8e8
29.Rf3xe3 dxe3
30.Re1xe3 Kf8
31.Kg3 Ke7
32.Kf4 Kd7
33.g5 Kc6
34.h4 a5
35.h5 Kc7
36.e6 fxe6
37.Re3xe6 Re8g8
38.f6 gxf6
39.Re6xf6 Rg8d8
40.g6 hxg6
41.hxg6 Rd8g8
42.Kg5 Kd7
43.Kh6 Ke7
44.Rf6f7 Ke6
45.Kh7 Rg8e8
46.Rf7a7 Kf6
47.g7 { resign }
1-0

[Event "Tourn. n8011"]
[Site "www.chess-mail.com"]
[Date "2015.01.15"]
[Round "1"]
[White "Krasin"]
[Black "Hali"]
[WhiteElo "2140"]
[BlackElo "2160"]
[Result "1-0"]
[Round "1"]
1.e4 c5
2.f4 e5
3.Ng1f3 Nb8c6
4.fxe5 Nc6xe5
5.Nf3xe5 Qd8h4
6.g3 Qh4xe4
7.Qd1e2 Qe4xh1
8.Ne5g6 Bf8e7
9.Ng6xh8 Ng8f6
10.Nb1c3 a6
11.d3 h6
12.Bc1f4 Qh1c6
13.O-O-O d5
14.Rd1e1 Qc6d7
15.Bf1h3 Qd7d8
16.Bh3xc8 Ra8xc8
17.g4 d4
18.g5 hxg5
19.Bf4xg5 dxc3
20.Bg5xf6 gxf6
21.Nh8xf7 cxb2
22.Kb1 Kxf7
23.Qe2e6 Kf8
24.Re1g1 { resign }
1-0

[Event "Tourn. n7938"]
[Site "www.chess-mail.com"]
[Date "2015.01.15"]
[Round "1"]
[White "Cardiff"]
[Black "Vite"]
[WhiteElo "2120"]
[BlackElo "2000"]
[Result "1/2-1/2"]
[Round "1"]
1.d4 Ng8f6
2.c4 g6
3.g3 Bf8g7
4.Bf1g2 O-O
5.Nb1c3 d6
6.e4 Bc8g4
7.Ng1e2 Nb8c6
8.Bc1e3 e5
9.d5 Nc6e7
10.h3 Bg4d7
11.Qd1d2 a6
12.O-O Nf6e8
13.b4 f5
14.c5 Qd8c8
15.Be3h6 fxe4
16.Bh6xg7 Ne8xg7
17.Nc3xe4 Bd7xh3
18.cxd6 cxd6
19.Ne4xd6 Qc8d7
20.Nd6c4 Bh3xg2
21.Kxg2 Qd7b5
22.Nc4xe5 Qb5xd5
23.Qd2xd5 Ne7xd5
24.a3 Ra8e8
25.f4 b5
26.Rf1c1 Ng7f5
27.Rc1c6 Rf8f6
28.Ra1c1 Re8e6
29.Rc6xe6 Rf6xe6
30.Kf3 Kg7
31.Rc1c6 Re6xc6
{ draw }
1/2-1/2

[Event "Tourn. n7958"]
[Site "www.chess-mail.com"]
[Date "2015.01.15"]
[Round "1"]
[White "Apoorva"]
[Black "Anja"]
[WhiteElo "2110"]
[BlackElo "2000"]
[Result "0-1"]
[Round "1"]
1.d4 f5
2.c4 Ng8f6
3.Nb1c3 e6
4.Ng1f3 h6
5.Qd1c2 d6
6.e3 Nb8c6
7.a3 Bc8d7
8.Bf1d3 Qd8e7
9.e4 g6
10.b4 Bf8g7
11.Nc3b5 Ra8c8
12.Bc1b2 a6
13.Nb5c3 O-O
14.O-O g5
15.exf5 exf5
16.Bd3xf5 Bd7xf5
17.Qc2xf5 Qe7f7
18.d5 Nc6e7
19.Qf5c2 Nf6h5
20.Ra1e1 Nh5f4
21.Re1e4 Ne7g6
22.Nc3e2 Nf4xg2
23.Bb2xg7 Qf7xf3
24.Bg7xh6 Ng2h4
25.Re4xh4 Ng6xh4
{ resign }
0-1

[Event "Tourn. n8011"]
[Site "www.chess-mail.com"]
[Date "2015.01.15"]
[Round "1"]
[White "Anja"]
[Black "Krasin"]
[WhiteElo "2040"]
[BlackElo "2150"]
[Result "0-1"]
[Round "1"]
1.d4 f5
2.Bc1f4 Ng8f6
3.c4 g6
4.e3 Bf8g7
5.Nb1c3 d6
6.Bf1e2 O-O
7.Ng1f3 c6
8.O-O Nb8a6
9.a3 Na6c7
10.b4 Nf6h5
11.Bf4g3 f4
12.exf4 Nh5xf4
13.h3 Bc8d7
14.Be2d3 e5
15.dxe5 dxe5
16.Nc3e4 Bd7xh3
17.gxh3 Qd8xd3
18.Bg3xf4 Qd3xe4
19.Bf4g3 Qe4xf3
{ resign }
0-1

[Event "Tourn. n7880"]
[Site "www.chess-mail.com"]
[Date "2015.01.15"]
[Round "1"]
[White "Azulmarino"]
[Black "Passaroa25"]
[WhiteElo "1530"]
[BlackElo "1570"]
[Result "1-0"]
[Round "1"]
1.e4 d6
2.d3 Nb8d7
3.Bc1g5 Nd7f6
4.Nb1c3 Bc8g4
5.Bf1e2 h6
6.Bg5e3 c6
7.Be2xg4 Nf6xg4
8.Ng1f3 Qd8d7
9.h3 Ng4xe3
10.fxe3 O-O-O
11.Qd1d2 e5
12.O-O-O f6
13.d4 Kb8
14.dxe5 dxe5
15.Qd2xd7 Rd8xd7
16.Rd1xd7 Ng8e7
17.Rh1d1 a6
18.Nc3a4 Ne7c8
19.Rd7d8 b5
20.Na4b6 g5
21.Rd1d7 Bf8g7
22.Rd8xc8 Rh8xc8
23.Nb6xc8 Kxc8
24.Rd7xg7 a5
25.g4 a4
26.Rg7g6 Kb7
27.Rg6xf6 b4
28.Nf3xe5 c5
29.Ne5c4 a3
30.b3 Kc7
31.Rf6d6 Kb7
32.e5 { resign }
1-0

[Event "Tourn. n7993"]
[Site "www.chess-mail.com"]
[Date "2015.01.15"]
[Round "1"]
[White "Faerieking"]
[Black "Cardiff"]
[WhiteElo "2190"]
[BlackElo "2050"]
[Result "1-0"]
[Round "1"]
1.e4 e5
2.Ng1f3 d6
3.Nb1c3 Ng8f6
4.d4 exd4
5.Nf3xd4 Bf8e7
6.Bc1g5 O-O
7.Qd1d2 a6
8.Bf1e2 b5
9.a3 Bc8b7
10.f3 Nb8c6
11.Nd4f5 Nc6e5
12.O-O-O Ne5g6
13.g4 Rf8e8
14.h4 h6
15.Bg5xh6 gxh6
16.Nf5xh6 Kg7
17.Nh6f5 Kg8
18.h5 Ng6e5
19.Qd2g5 { resign }
1-0

[Event "Tourn. n7936"]
[Site "www.chess-mail.com"]
[Date "2015.01.15"]
[Round "1"]
[White "Maredocla"]
[Black "Anja"]
[WhiteElo "1910"]
[BlackElo "1980"]
[Result "1-0"]
[Round "1"]
1.f4 d5
2.Ng1f3 c5
3.b3 Nb8c6
4.Bc1b2 e6
5.e3 Ng8f6
6.Bf1b5 a6
7.Bb5xc6 bxc6
8.Nf3e5 Bc8b7
9.g4 Bf8d6
10.g5 Nf6d7
11.Ne5xd7 Qd8xd7
12.Bb2xg7 Rh8g8
13.Bg7f6 Bd6e7
14.Bf6xe7 Qd7xe7
15.h4 d4
16.e4 Qe7d6
17.Qd1g4 Bb7c8
18.Nb1a3 e5
19.f5 Bc8d7
20.Na3c4 Qd6c7
21.a4 h6
22.O-O-O hxg5
23.hxg5 O-O-O
24.Rh1h6 Rd8f8
25.Qg4h5 { resign }
1-0

[Event "Tourn. n7880"]
[Site "www.chess-mail.com"]
[Date "2015.01.15"]
[Round "1"]
[White "Passaroa25"]
[Black "Merimee"]
[WhiteElo "1570"]
[BlackElo "1540"]
[Result "1-0"]
[Round "1"]
1.d4 d6
2.e4 e5
3.Bc1e3 Nb8c6
4.c3 Ng8f6
5.f3 d5
6.Bf1b5 Bc8d7
7.Be3f2 dxe4
8.Bb5xc6 Bd7xc6
9.Qd1e2 Bf8d6
10.Nb1d2 exd4
11.Bf2xd4 Bd6e5
12.Bd4xe5 Qd8e7
13.Nd2xe4 Nf6xe4
14.Be5xg7 Rh8g8
15.fxe4 Bc6xe4
16.Ng1f3 Rg8xg7
17.O-O f5
18.Qe2b5 c6
19.Qb5e5 O-O-O
20.Qe5xe7 Rg7xe7
21.h3 Be4d3
22.Rf1e1 Bd3e4
23.Nf3g5 Rd8e8
24.Ng5xe4 Re7xe4
25.Re1xe4 Re8xe4
26.b4 b5
27.Ra1f1 Re4e2
28.Rf1xf5 Re2xa2
29.Rf5f8 Kd7
30.Rf8f2 Ra2a3
31.Rf2f3 Ke6
32.g4 Kd5
33.c4 Kxc4
34.Rf3xa3 c5
35.bxc5 b4
36.Ra3xa7 b3
37.c6 b2
38.Ra7b7 Kc3
39.c7 { resign }
1-0

[Event "Tourn. n7930"]
[Site "www.chess-mail.com"]
[Date "2015.01.15"]
[Round "1"]
[White "Azulmarino"]
[Black "Rindrandria"]
[WhiteElo "1550"]
[BlackElo "1460"]
[Result "0-1"]
[Round "1"]
1.e4 e5
2.Ng1f3 Qd8f6
3.Nb1c3 c5
4.Nc3d5 Qf6d6
5.Bf1c4 Ng8f6
6.d3 a6
7.Bc1e3 b5
8.Bc4b3 Qd6c6
9.Nf3xe5 Qc6b7
10.Qd1f3 d6
11.Nd5xf6 gxf6
12.Qf3xf6 dxe5
13.Qf6xh8 c4
14.Be3h6 Nb8d7
15.dxc4 Qb7xe4
16.Kf1 Qe4h4
17.Qh8xh7 Bf8xh6
18.cxb5 Qh4f6
19.Qh7g8 Nd7f8
20.Qg8g3 axb5
21.Bb3d5 Bh6f4
22.Qg3d3 Ra8b8
23.Ra1d1 Bc8f5
24.Qd3c3 Rb8c8
25.Qc3a5 Rc8xc2
26.Qa5xb5 Bf5d7
27.Bd5c6 Rc2xc6
28.g3 Bf4e3
29.Qb5e2 Be3b6
30.Kg2 Qf6f5
31.Rd1d5 Qf5h3
32.Kg1 Bd7e6
33.Rd5xe5 Rc6c1
34.Qe2e1 Rc1xe1
35.Re5xe1 Qh3f5
36.Re1e2 Kd8
37.Kf1 Be6c4
38.Ke1 Qf5b1
{ resign }
0-1

[Event "Tourn. n7967"]
[Site "www.chess-mail.com"]
[Date "2015.01.15"]
[Round "1"]
[White "Anja"]
[Black "Osopanda"]
[WhiteElo "1990"]
[BlackElo "2020"]
[Result "0-1"]
[Round "1"]
1.d4 d5
2.Bc1f4 Ng8f6
3.e3 g6
4.c4 c6
5.Nb1c3 Bf8g7
6.Ng1f3 O-O
7.Bf1d3 Nb8d7
8.c5 Nf6h5
9.Bf4g3 Nh5xg3
10.hxg3 Nd7f6
11.Qd1c2 Qd8c7
12.Nf3g5 e5
13.dxe5 Qc7xe5
14.Ng5f3 Qe5e7
15.O-O-O Bc8e6
16.Nf3d4 Be6d7
17.Nd4f3 a5
18.Nc3e2 Nf6e4
19.Nf3d4 Ne4xf2
{ resign }
0-1

[Event "Tourn. n7846"]
[Site "www.chess-mail.com"]
[Date "2015.01.15"]
[Round "1"]
[White "Passaroa25"]
[Black "Jjmcbride"]
[WhiteElo "1540"]
[BlackElo "1630"]
[Result "0-1"]
[Round "1"]
1.d3 d5
2.f3 d4
3.Bc1f4 Nb8c6
4.a3 e5
5.Bf4g3 Ng8e7
6.Bg3f2 Ne7g6
7.Bf2g3 b5
8.Nb1d2 b4
9.Qd1c1 f5
10.a4 e4
11.dxe4 f4
12.Bg3f2 Bf8e7
13.g3 fxg3
14.Bf2xg3 Be7h4
15.c3 O-O
16.Qc1c2 Bh4f6
17.Ng1h3 Bf6e5
18.Nd2c4 Bc8e6
19.b3 d3
20.Qc2xd3 Be5xc3
21.Nc4d2 Bc3xa1
22.Qd3xd8 Ra8xd8
23.Bg3xc7 Rd8d7
24.Nd2c4 Rd7xc7
25.Nh3g5 Ba1c3
26.Kf2 Rc7e7
27.h4 Be6xc4
28.bxc4 h6
29.h5 Ng6e5
30.c5 b3
31.Ng5h3 b2
32.Bf1g2 Ne5c4
33.Kg3 Nc4a3
34.Nh3f4 Bc3e5
35.e3 b1Q
36.Rh1xb1 Na3xb1
37.Kg4 Be5xf4
38.exf4 Nb1c3
39.f5 Nc3xa4
40.Bg2f1 Na4xc5
41.Bf1b5 Nc6d4
42.Bb5c4 Kh8
43.Bc4d5 a5
44.Kf4 Nd4e2
45.Ke3 Ne2c1
46.Kd4 Re7c7
47.Kc4 Rf8b8
48.Kd4 a4
49.Ke5 a3
50.Kd6 Nc5a6
51.f4 a2
52.Bd5xa2 Nc1xa2
53.Ke6 Rb8e8
54.Kd5 Na2c3
55.Kd4 Nc3xe4
56.Ke3 Ne4g3
57.Kf3 Ng3xh5
58.Kg4 Nh5f6
59.Kf3 Rc7c3
60.Kf2 h5
{ resign }
0-1

[Event "Tourn. n7928"]
[Site "www.chess-mail.com"]
[Date "2015.01.15"]
[Round "1"]
[White "Picifarkinca"]
[Black "Anja"]
[WhiteElo "1980"]
[BlackElo "1930"]
[Result "1-0"]
[Round "1"]
1.e4 Ng8f6
2.e5 Nf6d5
3.d4 d6
4.c4 Nd5b6
5.Nb1c3 dxe5
6.d5 e6
7.Ng1f3 f6
8.Bf1e2 exd5
9.cxd5 Bf8b4
10.O-O Bb4xc3
11.bxc3 Qd8xd5
12.Bc1a3 Bc8e6
13.Qd1b1 e4
14.Rf1d1 Qd5f5
15.Be2b5 c6
16.Nf3d4 Qf5e5
17.f4 exf3
18.Rd1e1 f2
19.Kxf2 Qe5f4
20.Kg1 { resign }
1-0

[Event "Tourn. n7811"]
[Site "www.chess-mail.com"]
[Date "2015.01.15"]
[Round "1"]
[White "Picifarkinca"]
[Black "Derik"]
[WhiteElo "1729"]
[BlackElo "1639"]
[Result "1-0"]
[Round "1"]
1.Ng1f3 e6
2.g3 d5
3.Bf1g2 Ng8f6
4.O-O Nb8c6
5.d3 g6
6.c4 Bf8g7
7.a3 d4
8.b4 O-O
9.Bc1b2 e5
10.b5 Nc6a5
11.Nf3xe5 Nf6d5
12.Ne5xf7 Rf8xf7
13.Bg2xd5 Qd8e7
14.Bd5xf7 Qe7xf7
15.Nb1d2 Bc8h3
16.Rf1e1 Ra8f8
17.f4 c6
18.Nd2e4 Qf7f5
19.Qd1a4 b6
20.bxc6 Rf8c8
21.Ne4d6 Qf5e6
22.Nd6e4 Qe6g4
23.Ne4f2 Qg4e6
24.Nf2xh3 Rc8xc6
25.Nh3g5 Qe6g4
26.Ng5f3 Rc6e6
27.Kg2 g5
28.Nf3xg5 Re6e3
29.Ng5f3 Re3e6
30.c5 Qg4f5
31.Ra1c1 bxc5
32.Qa4xa5 Re6h6
33.Qa5d8 Bg7f8
34.Qd8g5 Qf5g6
35.Qg5xg6 hxg6
36.Nf3e5 Bf8d6
37.Ne5c4 Bd6e7
38.a4 Be7d8
39.Bb2a3 Rh6h5
40.Nc4e5 Bd8f6
41.Rc1xc5 Bf6e7
42.Rc5c8 Kg7
43.Ba3xe7 Rh5f5
44.Be7g5 a5
45.Re1b1 Rf5f7
46.Ne5xf7 Kxf7
47.Rb1b6 Kg7
48.Rb6b7 { resign }
1-0